000 00359nam a22001337a 4500
999 _c15693
_d15693
003 OSt
008 190528b ||||| |||| 00| 0 eng d
020 _a9789387421202
082 _a001.076
245 _aUltimate guide to SSC combined graduate level: tier I, tier II, exams
260 _aNew Delhi:
_bDisha Publications,
300 _aD- 148 p.
942 _cBK